[Event "XXV Festival Conca della Presolana A"]
[Site "Bratto - Castione della Presolana ITA"]
[Date "2005.08.23"]
[Round "4"]
[White "Qendro, Llambi"]
[Black "Lalic, Bogdan"]
[Result "0-1"]
[WhiteElo "2357"]
[BlackElo "2491"]
[PlyCount "156"]
[EventDate "2005.08.20"]

1. d4 Nf6 2. c4 e6 3. Nc3 Bb4 4. Qc2 d5 5. cxd5 exd5 6. Bg5 c5 7. Nf3 h6 8.
Bxf6 Qxf6 9. e3 O-O 10. a3 Bf5 11. Bd3 Bxd3 12. Qxd3 c4 13. Qc2 Bxc3+ 14. bxc3
Nc6 15. O-O b5 16. Nd2 a5 17. e4 dxe4 18. Nxe4 Qf5 19. Rfe1 Rfe8 20. Re3 Re6
21. Qe2 Qd5 22. Qf3 Rd8 23. Nd2 Qxf3 24. gxf3 b4 25. axb4 axb4 26. cxb4 Rg6+
27. Kf1 Nxb4 28. Rc3 Nc6 29. Ra6 Rxd4 30. Rxc4 Rxd2 31. Raxc6 Rd1+ 32. Ke2 Rxc6
33. Rxc6 Rh1 34. f4 Rxh2 35. Kf3 Rh5 36. Kg4 g6 37. f3 Kg7 38. Ra6 Rh1 39. Kg3
h5 40. Kg2 Re1 41. Kg3 Re6 42. Ra5 Kf6 43. Rb5 Rc6 44. Ra5 Ke7 45. Re5+ Kd6 46.
Ra5 Rc5 47. Ra6+ Ke7 48. Rb6 Rd5 49. Ra6 Rd6 50. Ra5 Ke6 51. Re5+ Kd7 52. Ra5
f6 53. Rb5 Ke6 54. Rb4 Rd5 55. Re4+ Kf5 56. Ra4 g5 57. fxg5 fxg5 58. Ra8 h4+
59. Kf2 Rd2+ 60. Ke3 Rh2 61. Ra5+ Kf6 62. Ra6+ Kg7 63. Ra7+ Kg6 64. Ra6+ Kh5
65. Ra5 h3 66. f4 Kh4 67. Rxg5 Ra2 68. Rg8 h2 69. Rh8+ Kg3 70. Rg8+ Kh3 71.
Rh8+ Kg2 72. Rg8+ Kf1 73. Rh8 Ra3+ 74. Ke4 Kg2 75. Rxh2+ Kxh2 76. f5 Kg3 77. f6
Kg4 78. Ke5 Kg5 0-1

[Event "XXV Festival Conca della Presolana A"]
[Site "Bratto - Castione della Presolana ITA"]
[Date "2005.08.23"]
[Round "4"]
[White "Radice, Luca"]
[Black "Aglietti, Graziano"]
[Result "0-1"]
[WhiteElo "2100"]
[BlackElo "2048"]
[PlyCount "120"]
[EventDate "2005.08.20"]

1. d4 e6 2. c4 f5 3. g3 Nf6 4. Bg2 Be7 5. Nc3 O-O 6. Nf3 Ne4 7. Qd3 d5 8. O-O
b6 9. Nd2 Ba6 10. b3 Nc6 11. Nb5 Nb4 12. Qb1 c6 13. Nxe4 cxb5 14. cxb5 Bxb5 15.
Nc3 Ba6 16. Rd1 Rc8 17. Bb2 g5 18. Rd2 g4 19. e3 h5 20. h4 Rf7 21. a3 Nc6 22.
Qd1 Na5 23. Rc1 Bf8 24. Na2 Nxb3 25. Qxb3 Bc4 26. Rxc4 Rxc4 27. Bf1 Rcc7 28.
Bc3 Qc8 29. Bb4 Bxb4 30. Nxb4 Rc3 31. Qb2 Rc1 32. Nd3 Rc3 33. Nc5 Rxe3 34. fxe3
bxc5 35. dxc5 Qxc5 36. Qe5 Re7 37. Rb2 Qc7 38. Qf4 Kf7 39. Kf2 Qxf4+ 40. exf4
Rc7 41. Rb3 Kf6 42. a4 Rc2+ 43. Be2 Ra2 44. Rb4 e5 45. fxe5+ Kxe5 46. Rb7 d4
47. Rxa7 d3 48. Re7+ Kf6 49. Re8 dxe2 50. Rh8 e1=Q+ 51. Kxe1 Rg2 52. Rxh5 Rxg3
53. a5 Ra3 54. a6 Ke5 55. Ke2 Rxa6 56. Rh8 Ra2+ 57. Ke3 Ra3+ 58. Kf2 Kf4 59. h5
g3+ 60. Kg2 Ra2+ 0-1

[Event "XXV Festival Conca della Presolana A"]
[Site "Bratto - Castione della Presolana ITA"]
[Date "2005.08.23"]
[Round "4"]
[White "Ranfagni, Stefano"]
[Black "Baldazzi, Stefano"]
[Result "0-1"]
[WhiteElo "1934"]
[BlackElo "2165"]
[PlyCount "108"]
[EventDate "2005.08.20"]

1. e4 c5 2. Nc3 Nc6 3. g3 g6 4. Bg2 Bg7 5. Nge2 e6 6. O-O Nge7 7. d3 d6 8. Be3
Nd4 9. Qd2 O-O 10. Nd1 d5 11. Nxd4 cxd4 12. Bh6 e5 13. Bxg7 Kxg7 14. f4 dxe4
15. Bxe4 Qd6 16. fxe5 Qxe5 17. Nf2 Be6 18. Rae1 Qc7 19. Bg2 Nf5 20. Ng4 Kh8 21.
Qg5 Qd8 22. Rxf5 Bxf5 23. Nf6 Rc8 24. Re5 Rg8 25. g4 Be6 26. Qh4 Rg7 27. g5
Rxc2 28. Bd5 Rc1+ 29. Kf2 Qb6 30. Bb3 Rc5 31. Qf4 Qd6 32. Nd7 Rc8 33. Nf6 b6
34. Ne4 Qe7 35. Nf6 Qd6 36. Ne4 Qb4 37. Qf6 Rf8 38. Kg2 Bxb3 39. axb3 Qxb3 40.
Nd6 Qxb2+ 41. Kf3 Qxh2 42. Nxf7+ Kg8 43. Nh6+ Qxh6 44. Qxf8+ Kxf8 45. gxh6 Rf7+
46. Kg4 Rd7 47. Kg5 a5 48. Re6 Rb7 49. Rd6 Rb8 50. Rd7 Kg8 51. Rxd4 b5 52. Re4
b4 53. Re1 b3 54. d4 b2 0-1

[Event "XXV Festival Conca della Presolana A"]
[Site "Bratto - Castione della Presolana ITA"]
[Date "2005.08.23"]
[Round "4"]
[White "Ranola, Yves"]
[Black "Mihalj, Miroslav M."]
[Result "1-0"]
[WhiteElo "2466"]
[BlackElo "2298"]
[PlyCount "47"]
[EventDate "2005.08.20"]

1. c4 Nf6 2. g3 c6 3. Nf3 d5 4. Bg2 dxc4 5. O-O e6 6. a4 Qd5 7. a5 Na6 8. Nc3
Qh5 9. b3 cxb3 10. Qxb3 Bb4 11. d4 O-O 12. Ne5 Ng4 13. Nxg4 Qxg4 14. Bf4 Bxc3
15. Qxc3 Qxe2 16. Rfe1 Qg4 17. Bf1 e5 18. Rxe5 Nc7 19. Rg5 Nd5 20. Qd2 Qf3 21.
Rxg7+ Kxg7 22. Bh6+ Kh8 23. Bxf8 Bg4 24. Ra3 1-0

[Event "XXV Festival Conca della Presolana A"]
[Site "Bratto - Castione della Presolana ITA"]
[Date "2005.08.23"]
[Round "4"]
[White "Raselli, Claudio"]
[Black "Astengo, Corrado"]
[Result "0-1"]
[WhiteElo "2063"]
[BlackElo "2129"]
[PlyCount "56"]
[EventDate "2005.08.20"]

1. e4 c5 2. Nf3 d6 3. d4 Nf6 4. Nc3 cxd4 5. Nxd4 a6 6. Bc4 e6 7. Bb3 Be7 8. O-O
O-O 9. f4 Nc6 10. Be3 Bd7 11. Qf3 Na5 12. Kh1 Nxb3 13. axb3 Qc7 14. f5 e5 15.
Nde2 Bc6 16. g4 Nxe4 17. Nxe4 d5 18. g5 dxe4 19. Qg3 Rfe8 20. f6 Bf8 21. Nd4
Bd7 22. c4 Qc8 23. Ne2 Bh3 24. Rfd1 Qg4 25. fxg7 Kxg7 26. Qxg4 Bxg4 27. Rd2
Rad8 28. Rad1 Rd3 0-1

[Event "XXV Festival Conca della Presolana A"]
[Site "Bratto - Castione della Presolana ITA"]
[Date "2005.08.23"]
[Round "4"]
[White "Ricci, Alfredo"]
[Black "Piantoni, Roberto"]
[Result "1-0"]
[WhiteElo "2015"]
[BlackElo "2186"]
[PlyCount "97"]
[EventDate "2005.08.20"]

1. e4 c6 2. d4 d5 3. exd5 cxd5 4. Nf3 Nf6 5. Bd3 Nc6 6. O-O Bg4 7. c3 e6 8. Re1
Qc7 9. Nbd2 Bd6 10. Nf1 O-O 11. Bg5 Be7 12. Ng3 Nh5 13. Bxe7 Qxe7 14. h3 Bxf3
15. Qxf3 Nxg3 16. Qxg3 Rac8 17. f4 Qd6 18. Qh4 g6 19. Qh6 a6 20. h4 Qd8 21. Re3
Qf6 22. h5 Rc7 23. Rf1 Ne7 24. hxg6 fxg6 25. g4 Rc6 26. Kg2 Rb6 27. Rf2 Rf7 28.
Qh3 Rg7 29. g5 Qf7 30. Qg4 Nf5 31. Bxf5 gxf5 32. Qh4 Rc6 33. Rfe2 Rg6 34. Kf2
Qg7 35. Qh1 b5 36. Qe1 Qc7 37. Kf3 Qd6 38. Rh2 Rxg5 39. Rxe6 Qxe6 40. Qxe6+
Rxe6 41. fxg5 b4 42. Kf4 bxc3 43. bxc3 Re1 44. Kxf5 Rc1 45. Rh3 Rc2 46. Ke5
Rxa2 47. Kxd5 Ra5+ 48. Kc6 Rxg5 49. d5 1-0

[Event "XXV Festival Conca della Presolana A"]
[Site "Bratto - Castione della Presolana ITA"]
[Date "2005.08.23"]
[Round "4"]
[White "Ricci, Marco"]
[Black "Cecchetto, Vanni"]
[Result "1-0"]
[WhiteElo "2147"]
[BlackElo "2019"]
[PlyCount "81"]
[EventDate "2005.08.20"]

1. e4 c5 2. Nf3 Nc6 3. d4 cxd4 4. Nxd4 Nf6 5. Nc3 e5 6. Ndb5 d6 7. Bg5 a6 8.
Na3 b5 9. Bxf6 gxf6 10. Nd5 Bg7 11. c3 O-O 12. Bd3 Ne7 13. Nxe7+ Qxe7 14. Nc2
f5 15. Ne3 f4 16. Nd5 Qg5 17. g3 fxg3 18. hxg3 Bg4 19. Be2 Be6 20. Rh5 Qd8 21.
Ne3 f5 22. exf5 Bf7 23. Rh4 d5 24. Bf3 e4 25. Bh5 d4 26. Bxf7+ Rxf7 27. cxd4
Bxd4 28. Rxe4 Rd7 29. Qb3+ Kh8 30. Rd1 Qa5+ 31. Ke2 Rad8 32. Qe6 Rd6 33. Rexd4
Rxe6 34. Rxd8+ Kg7 35. fxe6 Kf6 36. R8d6 Qxa2 37. R1d2 Ke5 38. e7 Qf7 39. e8=Q+
Qxe8 40. R2d5+ Ke4 41. f3# 1-0

[Event "XXV Festival Conca della Presolana A"]
[Site "Bratto - Castione della Presolana ITA"]
[Date "2005.08.23"]
[Round "4"]
[White "Rombaldoni, Denis"]
[Black "Di Donato, Giovanni"]
[Result "1-0"]
[WhiteElo "2327"]
[BlackElo "1999"]
[PlyCount "73"]
[EventDate "2005.08.20"]

1. d4 d5 2. c4 c6 3. Nf3 Nf6 4. g3 a6 5. Bg2 Bf5 6. O-O e6 7. b3 h6 8. Nc3 Nbd7
9. Bb2 Be7 10. Nd2 Bb4 11. a3 Bxc3 12. Bxc3 O-O 13. Re1 b5 14. e4 dxe4 15. Nxe4
Nxe4 16. Bxe4 Bxe4 17. Rxe4 Nf6 18. Rf4 g5 19. Rf3 Ne4 20. Bb4 c5 21. Bxc5 Nxc5
22. dxc5 Qxd1+ 23. Rxd1 bxc4 24. b4 Rfd8 25. Rxd8+ Rxd8 26. Rc3 Kf8 27. Rxc4
Ke7 28. Kg2 Rb8 29. a4 f5 30. g4 fxg4 31. Rxg4 e5 32. Rc4 Ke6 33. c6 Rc8 34. c7
Kd6 35. Kf3 Kd7 36. Ke4 h5 37. b5 1-0

[Event "XXV Festival Conca della Presolana A"]
[Site "Bratto - Castione della Presolana ITA"]
[Date "2005.08.23"]
[Round "4"]
[White "Rorato, Renzo"]
[Black "Buchicchio, Giampaolo"]
[Result "1/2-1/2"]
[WhiteElo "2120"]
[BlackElo "2326"]
[PlyCount "122"]
[EventDate "2005.08.20"]

1. Nf3 d5 2. c4 c6 3. Qc2 Nf6 4. b3 Bg4 5. Ne5 Bh5 6. Bb2 Nbd7 7. g3 e6 8. Bg2
Nxe5 9. Bxe5 Bg6 10. Qb2 Be7 11. O-O O-O 12. d3 Qb6 13. Nd2 Rfd8 14. Nf3 Ne8
15. cxd5 exd5 16. Rab1 a5 17. a3 f6 18. Bf4 Bf7 19. Nd4 c5 20. Nf5 Bf8 21. e4
d4 22. Bd2 Qa6 23. Qc2 a4 24. bxa4 Qxa4 25. Qxa4 Rxa4 26. Rxb7 Rxa3 27. Rd1
Rxd3 28. Bf1 Bh5 29. Bxd3 Bxd1 30. Bc4+ Kh8 31. Rf7 Bd6 32. Ba5 Ra8 33. Bd5 Bh5
34. Nxd6 Nxd6 35. Bxa8 Nxf7 36. f4 Nd6 37. Bd5 Bg6 38. e5 fxe5 39. fxe5 Nf5 40.
Bd2 Ne7 41. Ba2 Nc6 42. e6 Ne5 43. Bf4 Nd3 44. e7 Be8 45. Bd6 Nc1 46. Bc4 d3
47. Bf4 Ne2+ 48. Kf2 Nxf4 49. gxf4 d2 50. Ke2 g6 51. Kxd2 Kg7 52. Kd3 Kf6 53.
Bg8 h5 54. Kc4 Kf5 55. Kxc5 Kxf4 56. Kd6 g5 57. Ke6 h4 58. Bf7 Ba4 59. e8=Q
Bxe8 60. Bxe8 g4 61. Bc6 h3 1/2-1/2

[Event "XXV Festival Conca della Presolana A"]
[Site "Bratto - Castione della Presolana ITA"]
[Date "2005.08.23"]
[Round "4"]
[White "Rosin, Federico"]
[Black "Podini, Francesco"]
[Result "1-0"]
[WhiteElo "2127"]
[BlackElo "2062"]
[PlyCount "73"]
[EventDate "2005.08.20"]

1. e4 c5 2. Nf3 e6 3. b3 Nc6 4. Bb2 d6 5. Bb5 Bd7 6. O-O a6 7. Bxc6 Bxc6 8. Re1
e5 9. c4 g6 10. Nc3 Bg7 11. Nd5 Ne7 12. Bc3 O-O 13. b4 Bxd5 14. cxd5 cxb4 15.
Bxb4 a5 16. Bc3 b5 17. d4 Rc8 18. Rc1 exd4 19. Bxd4 Qd7 20. Bxg7 Kxg7 21. Qd4+
Kg8 22. Rcd1 Rc5 23. Qf6 Nc8 24. Nd4 Qe7 25. Qf4 Re8 26. Nc6 Qc7 27. h4 Ne7 28.
Nd4 Kg7 29. h5 Ng8 30. Nc6 Rc4 31. Rd3 f5 32. Nd4 Qe7 33. Ne6+ Kf7 34. hxg6+
hxg6 35. Qh2 Nf6 36. exf5 Ne4 37. Qh7+ 1-0

[Event "XXV Festival Conca della Presolana A"]
[Site "Bratto - Castione della Presolana ITA"]
[Date "2005.08.23"]
[Round "4"]
[White "Salami, Marco"]
[Black "Mosconi, Ariel Oscar"]
[Result "1/2-1/2"]
[WhiteElo "2221"]
[BlackElo "2102"]
[PlyCount "118"]
[EventDate "2005.08.20"]

1. e4 e5 2. f4 Nf6 3. fxe5 Nxe4 4. Nf3 Ng5 5. d4 Nxf3+ 6. Qxf3 Qh4+ 7. Qf2
Qxf2+ 8. Kxf2 d5 9. exd6 Bxd6 10. Nc3 a6 11. Ne4 Be7 12. Bf4 Bd8 13. Bd3 O-O
14. Rhe1 Nd7 15. c3 Nb6 16. Ng5 Nd5 17. Bd2 Nf6 18. Kg1 Bd7 19. c4 h6 20. Nf3
a5 21. Ne5 Bc8 22. a3 Nd7 23. Nf3 Bf6 24. Bf4 Bd8 25. h3 Nb8 26. d5 Na6 27. Bc2
Bf6 28. Be5 Bxe5 29. Rxe5 Bd7 30. Re7 Rad8 31. Ne5 Bc8 32. Rf1 f5 33. Ng6 Rf6
34. Nf4 c6 35. Nh5 Rf7 36. Rxf7 Kxf7 37. Bxf5 Bxf5 38. Rxf5+ Kg6 39. g4 cxd5
40. Nf4+ Kh7 41. cxd5 Nc5 42. h4 Rd6 43. g5 hxg5 44. hxg5 g6 45. Rf7+ Kg8 46.
Re7 Kf8 47. Rc7 Ne4 48. Ne6+ Kg8 49. Rg7+ Kh8 50. Rxg6 Rxd5 51. Rh6+ Kg8 52. g6
Ng5 53. Nf4 Rf5 54. Nh5 Nh3+ 55. Kh2 Nf4 56. Nxf4 Rxf4 57. Kg3 Rf6 58. Kg4 Rb6
59. Rh5 Rxg6+ 1/2-1/2

[Event "XXV Festival Conca della Presolana A"]
[Site "Bratto - Castione della Presolana ITA"]
[Date "2005.08.23"]
[Round "4"]
[White "Salvador, Roland"]
[Black "Di Paolo, Raffaele"]
[Result "1-0"]
[WhiteElo "2416"]
[BlackElo "2271"]
[PlyCount "113"]
[EventDate "2005.08.20"]

1. d4 Nf6 2. Nf3 d6 3. Nc3 g6 4. e4 Bg7 5. Be3 c6 6. Qd2 Qa5 7. h3 b5 8. Bd3
O-O 9. O-O Nbd7 10. Bh6 e5 11. Bxg7 Kxg7 12. a4 b4 13. Ne2 c5 14. dxe5 Nxe5 15.
Nxe5 dxe5 16. Ng3 Be6 17. b3 Qc7 18. f4 exf4 19. Rxf4 Nd7 20. Raf1 Qe5 21. Nf5+
Kh8 22. Rh4 gxf5 23. exf5 Nf6 24. fxe6 fxe6 25. Qh6 Rf7 26. Re4 Nxe4 27. Rxf7
Qa1+ 28. Kh2 Qe5+ 29. Qf4 Qxf4+ 30. Rxf4 Nd6 31. Rh4 Kg7 32. Rxh7+ Kf6 33. Rc7
e5 34. Rxc5 e4 35. Ba6 e3 36. g4 Re8 37. g5+ Kg7 38. Be2 Rf8 39. Kg1 Rf2 40.
Bd3 Rd2 41. Re5 Nf7 42. Rxe3 Nxg5 43. h4 Nf7 44. Re6 a5 45. h5 Ng5 46. Rg6+ Kh8
47. Rf6 Kg7 48. Rg6+ Kh8 49. Kf1 Nf3 50. Be4 Nd4 51. Rd6 Rd1+ 52. Kf2 Rd2+ 53.
Ke3 Nf5+ 54. Kxd2 Nxd6 55. Kd3 Kg7 56. Kd4 Kh6 57. Bg6 1-0

[Event "XXV Festival Conca della Presolana A"]
[Site "Bratto - Castione della Presolana ITA"]
[Date "2005.08.23"]
[Round "4"]
[White "Sautto, Daniele"]
[Black "Cardili, Mariano"]
[Result "1-0"]
[WhiteElo "2136"]
[BlackElo "2076"]
[PlyCount "53"]
[EventDate "2005.08.20"]

1. e4 e6 2. d4 d5 3. Nd2 c5 4. exd5 Qxd5 5. Ngf3 cxd4 6. Bc4 Qd6 7. O-O Nf6 8.
Nb3 Nc6 9. Nbxd4 Nxd4 10. Nxd4 a6 11. c3 Qc7 12. Qe2 Bd6 13. Nf5 Bxh2+ 14. Kh1
O-O 15. Nxg7 Kxg7 16. f4 h5 17. Kxh2 Ng4+ 18. Kh1 b5 19. Bd3 Qe7 20. Rf3 Qh4+
21. Rh3 Nf2+ 22. Kh2 Nxh3 23. gxh3 Rd8 24. Be3 Bb7 25. Rg1+ Kf8 26. Bc5+ Ke8
27. Bxb5+ 1-0

[Event "XXV Festival Conca della Presolana A"]
[Site "Bratto - Castione della Presolana ITA"]
[Date "2005.08.23"]
[Round "4"]
[White "Sbarra, Marco"]
[Black "Tatai, Stefano"]
[Result "0-1"]
[WhiteElo "2266"]
[BlackElo "2370"]
[PlyCount "66"]
[EventDate "2005.08.20"]

1. e4 c5 2. Nf3 a6 3. c3 d5 4. exd5 Qxd5 5. d4 e6 6. Be2 Nf6 7. O-O Nc6 8. Bg5
Be7 9. dxc5 Qxd1 10. Rxd1 Bxc5 11. Nbd2 Be7 12. Nc4 Nd5 13. a4 f6 14. Bh4 O-O
15. Bg3 Rd8 16. Rxd5 exd5 17. Nb6 Bf5 18. Nxa8 Rxa8 19. Bc7 Re8 20. Nh4 Be4 21.
Bb6 Bd8 22. Bxd8 Rxd8 23. Nf3 d4 24. Bc4+ Kf8 25. Nxd4 Nxd4 26. cxd4 Rxd4 27.
Rc1 Bc6 28. Bb3 Bxa4 29. Bxa4 Rxa4 30. Kf1 Re4 31. Rc3 Ke8 32. Rh3 h6 33. Rg3
Re7 0-1

[Event "XXV Festival Conca della Presolana A"]
[Site "Bratto - Castione della Presolana ITA"]
[Date "2005.08.23"]
[Round "4"]
[White "Tagliagambe, Stefano"]
[Black "Ranieri, Fabrizio"]
[Result "0-1"]
[WhiteElo "2055"]
[BlackElo "2204"]
[PlyCount "116"]
[EventDate "2005.08.20"]

1. Nf3 d5 2. c4 e6 3. g3 Nf6 4. Bg2 Be7 5. O-O O-O 6. b3 c6 7. Bb2 Nbd7 8. d4
b6 9. Nbd2 Bb7 10. Qc2 Rc8 11. e4 c5 12. exd5 exd5 13. dxc5 Bxc5 14. Rad1 b5
15. Qb1 bxc4 16. Nxc4 dxc4 17. Ng5 Bxg2 18. Bxf6 Nxf6 19. Rxd8 Bxf1 20. Rxf8+
Bxf8 21. Kxf1 c3 22. Qc2 h6 23. Nf3 Nd5 24. Nd4 Nb4 25. Qb1 c2 26. Nxc2 Nxc2
27. a4 a5 28. Qd1 Nb4 29. Qd7 Rc1+ 30. Kg2 Rc5 31. h4 Nc6 32. g4 Ne5 33. Qd1
Ng6 34. h5 Nf4+ 35. Kf3 Ne6 36. Kg2 Rc3 37. Qe1 Nf4+ 38. Kh2 Nd5 39. Qe4 Nf6
40. Qf5 Rc5 41. Qf4 Re5 42. Kh1 Re1+ 43. Kg2 Re4 44. Qf5 Rxg4+ 45. Kf1 Rg5 46.
Qc8 Rxh5 47. Qc7 Rg5 48. Ke2 h5 49. Kd1 h4 50. Qc8 Ne4 51. f4 Rd5+ 52. Ke2 Nf6
53. Qh3 Rh5 54. Kd3 Bb4 55. Ke2 g6 56. Kf3 Kg7 57. Ke2 Nd5 58. Kf3 Bd2 0-1

[Event "XXV Festival Conca della Presolana A"]
[Site "Bratto - Castione della Presolana ITA"]
[Date "2005.08.23"]
[Round "4"]
[White "Tencati, Giuseppe"]
[Black "Rigo, Gianfrancesco"]
[Result "1-0"]
[WhiteElo "2109"]
[BlackElo "2031"]
[PlyCount "79"]
[EventDate "2005.08.20"]

1. d4 Nf6 2. c4 g6 3. Nf3 Bg7 4. Nc3 O-O 5. e4 d6 6. Be2 e5 7. d5 a5 8. Bg5 Na6
9. Nd2 h6 10. Be3 Nh7 11. Rb1 f5 12. f3 f4 13. Bf2 Qg5 14. Bf1 Qh5 15. a3 g5
16. Be2 Nf6 17. h3 Qg6 18. b4 axb4 19. axb4 h5 20. c5 g4 21. hxg4 hxg4 22. Nc4
g3 23. Bg1 Ne8 24. Qa4 Rb8 25. Na5 Nf6 26. Bxa6 bxa6 27. Nc6 Bd7 28. Ne7+ Kf7
29. Nxg6 Bxa4 30. Nxf8 Bc2 31. Rb2 Bxf8 32. Rxc2 Rxb4 33. c6 a5 34. Ba7 a4 35.
Kd2 a3 36. Ra1 Bh6 37. Rxa3 Kg6 38. Ra1 Bg5 39. Kd3 Rb3 40. Kc4 1-0

[Event "XXV Festival Conca della Presolana A"]
[Site "Bratto - Castione della Presolana ITA"]
[Date "2005.08.23"]
[Round "4"]
[White "Ticozzi, Stefano"]
[Black "Femiano, Andrea"]
[Result "1/2-1/2"]
[WhiteElo "2088"]
[BlackElo "2177"]
[PlyCount "56"]
[EventDate "2005.08.20"]

1. d4 c5 2. e3 e6 3. Nf3 b6 4. Bd3 Bb7 5. O-O Nf6 6. b3 Be7 7. Nbd2 O-O 8. Bb2
Nc6 9. a3 d6 10. Qe2 Qc7 11. Rad1 e5 12. dxe5 Nxe5 13. Nxe5 dxe5 14. e4 Rfd8
15. Nc4 Nd7 16. Ne3 Nf8 17. Nd5 Bxd5 18. exd5 Bd6 19. c4 e4 20. Qxe4 Bxh2+ 21.
Kh1 Bd6 22. Rfe1 Re8 23. Qg4 Ng6 24. Bxg6 hxg6 25. Re4 Re7 26. Rde1 Rae8 27.
Rxe7 Rxe7 28. Rxe7 Qxe7 1/2-1/2

[Event "XXV Festival Conca della Presolana A"]
[Site "Bratto - Castione della Presolana ITA"]
[Date "2005.08.23"]
[Round "4"]
[White "Vancini, Edoardo"]
[Black "Zoldan, Matteo"]
[Result "1-0"]
[WhiteElo "2282"]
[BlackElo "2114"]
[PlyCount "61"]
[EventDate "2005.08.20"]

1. d4 Nf6 2. Nf3 g6 3. Nc3 d5 4. Bf4 Bg7 5. e3 c6 6. Be2 Nbd7 7. Ne5 Nb6 8. g4
h5 9. f3 Nfd7 10. Qd3 Nxe5 11. Bxe5 Bxe5 12. dxe5 Be6 13. gxh5 Rxh5 14. f4 Rh4
15. O-O-O Qc7 16. e4 Rh3 17. Qd4 Rh4 18. Qf2 Rh8 19. f5 gxf5 20. exf5 Bd7 21.
a4 Qxe5 22. a5 Nc8 23. Bg4 Nd6 24. Kb1 O-O-O 25. Qxa7 Nxf5 26. a6 Qb8 27. Qf2
Nd6 28. a7 Qa8 29. Nxd5 Nc4 30. Nxe7+ Kc7 31. Qf4+ 1-0

[Event "XXV Festival Conca della Presolana A"]
[Site "Bratto - Castione della Presolana ITA"]
[Date "2005.08.23"]
[Round "4"]
[White "Vezzosi, Paolo"]
[Black "Godena, Michele"]
[Result "1/2-1/2"]
[WhiteElo "2380"]
[BlackElo "2522"]
[PlyCount "115"]
[EventDate "2005.08.20"]

1. Nf3 d5 2. c4 e6 3. b3 d4 4. e3 Nc6 5. Bb2 e5 6. exd4 exd4 7. d3 Nf6 8. Be2
Bb4+ 9. Nbd2 O-O 10. a3 Bc3 11. Ra2 Re8 12. Bxc3 dxc3 13. Nb1 Nd4 14. Nxd4 Qxd4
15. Rc2 Bg4 16. Nxc3 Rad8 17. O-O Bxe2 18. Nxe2 Qxd3 19. Qxd3 Rxd3 20. Nc1 Rd6
21. f3 Nd7 22. Kf2 Nc5 23. Re1 Red8 24. b4 Ne6 25. c5 Rd5 26. Re3 h5 27. g3 a5
28. Nb3 axb4 29. axb4 Rd1 30. Na5 R8d4 31. Rb2 b6 32. cxb6 cxb6 33. Nc6 Rc4 34.
Ne5 Rcc1 35. f4 Nd4 36. Nd7 b5 37. Re8+ Kh7 38. Re7 Rf1+ 39. Kg2 Nf3 40. Ne5
Nxe5 41. Rxe5 Rg1+ 42. Kh3 Kh6 43. Rxb5 f6 44. Rd5 g5 45. fxg5+ fxg5 46. Rd6+
Kg7 47. Ra2 Ra1 48. Rad2 Rgb1 49. Rd7+ Kf6 50. R2d6+ Ke5 51. Rd5+ Ke6 52. R7d6+
Ke7 53. Rb6 Rb2 54. Rxg5 Rh1 55. Re5+ Kd7 56. Kh4 Rhxh2+ 57. Kg5 Rb3 58. b5
1/2-1/2

[Event "XXV Festival Conca della Presolana A"]
[Site "Bratto - Castione della Presolana ITA"]
[Date "2005.08.23"]
[Round "4"]
[White "Vinzoni, Andrea"]
[Black "D'Apa, Matteo"]
[Result "1/2-1/2"]
[WhiteElo "2108"]
[BlackElo "1995"]
[PlyCount "73"]
[EventDate "2005.08.20"]

1. d4 d5 2. c4 c6 3. Nf3 Nf6 4. Nc3 e6 5. e3 Bd6 6. Bd3 Nbd7 7. O-O O-O 8. e4
dxe4 9. Nxe4 Nxe4 10. Bxe4 Nf6 11. Bc2 h6 12. b3 b6 13. Bb2 Bb7 14. Qd3 Re8 15.
Rfe1 Rc8 16. Rad1 Kf8 17. Qe3 Qe7 18. c5 Bc7 19. b4 Rcd8 20. a3 Rd5 21. Ne5
Bxe5 22. dxe5 Rxd1 23. Rxd1 Nd5 24. Qe4 Qg5 25. Bc1 Qf5 26. Qxf5 exf5 27. Bb2
Bc8 28. Bb3 Be6 29. cxb6 axb6 30. Kf1 Ne3+ 31. fxe3 Bxb3 32. Rd7 Bd5 33. Kf2
Re7 34. Rd8+ Re8 35. Rd7 Re7 36. Rd8+ Re8 37. Rd7 1/2-1/2

[Event "XXV Festival Conca della Presolana A"]
[Site "Bratto - Castione della Presolana ITA"]
[Date "2005.08.23"]
[Round "4"]
[White "Xia, Jie"]
[Black "Rendle, Thomas E."]
[Result "1/2-1/2"]
[WhiteElo "2121"]
[BlackElo "2358"]
[PlyCount "58"]
[EventDate "2005.08.20"]

1. e4 e6 2. d4 d5 3. e5 c5 4. c3 Qb6 5. Nf3 Nc6 6. a3 c4 7. g3 Bd7 8. h4 Na5 9.
Nbd2 h6 10. h5 Ne7 11. Bh3 O-O-O 12. O-O Kb8 13. Nh4 Rg8 14. Qf3 Be8 15. Rb1
Qc7 16. Qe2 Ba4 17. Ndf3 Nc8 18. Nh2 Re8 19. f4 Be7 20. Ng2 Qb6 21. Be3 f5 22.
g4 Ref8 23. Kh1 Be8 24. gxf5 exf5 25. Bf2 Qe6 26. Ne3 Bd8 27. Rg1 Ne7 28. Bh4
Nac6 29. Qf3 g6 1/2-1/2

[Event "XXV Festival Conca della Presolana A"]
[Site "Bratto - Castione della Presolana ITA"]
[Date "2005.08.23"]
[Round "4"]
[White "Zanellato, Lorenzo"]
[Black "Corvi, Marco"]
[Result "0-1"]
[WhiteElo "2087"]
[BlackElo "2317"]
[PlyCount "48"]
[EventDate "2005.08.20"]

1. d4 f5 2. Nc3 Nf6 3. Bg5 e6 4. e4 fxe4 5. Nxe4 Be7 6. Bxf6 Bxf6 7. Qh5+ g6 8.
Qh6 Qe7 9. Nxf6+ Qxf6 10. Nf3 Nc6 11. O-O-O b6 12. Qe3 O-O 13. Bc4 Bb7 14. Rd2
Na5 15. Be2 Bxf3 16. Bxf3 Nc4 17. Qe2 Nxd2 18. Bxa8 Qxf2 19. Qxf2 Rxf2 20. Rd1
Nc4 21. b3 Ne3 22. Rd3 Nxg2 23. d5 Nf4 24. Re3 Nxd5 0-1

[Event "XXV Festival Conca della Presolana A"]
[Site "Bratto - Castione della Presolana ITA"]
[Date "2005.08.24"]
[Round "5"]
[White "Aglietti, Graziano"]
[Black "Gosio, Denis"]
[Result "0-1"]
[WhiteElo "2048"]
[BlackElo "2152"]
[PlyCount "100"]
[EventDate "2005.08.20"]

1. e4 c5 2. c3 d5 3. exd5 Qxd5 4. d4 e6 5. Nf3 Nf6 6. Bd3 cxd4 7. cxd4 Nc6 8.
O-O Be7 9. Nc3 Qd6 10. Be3 O-O 11. Qe2 b6 12. Rac1 Bb7 13. Rfd1 Rac8 14. Bb1
Rfd8 15. a3 g6 16. Ba2 Nd5 17. Ne4 Qd7 18. Ne5 Nxe5 19. Rxc8 Bxc8 20. Bxd5 Qxd5
21. Nc3 Qa5 22. dxe5 Qxe5 23. Rxd8+ Bxd8 24. Qb5 Qxb5 25. Nxb5 a6 26. Nd6 Bd7
27. Nc4 b5 28. Ne5 Be8 29. Nd3 a5 30. Bh6 f6 31. Nc5 Kf7 32. Nb7 Be7 33. Bd2 a4
34. Ba5 Bd7 35. Bc7 e5 36. Nd6+ Ke6 37. Ne4 Kd5 38. Nc3+ Kc4 39. Kf1 Bc6 40. f3
Kb3 41. Nd1 Kc2 42. Ke1 b4 43. Ba5 bxa3 44. bxa3 Bxa3 45. Ne3+ Kb3 46. Bd8 f5
47. Kd1 Bb2 48. Nf1 Kc3 49. Bf6 Kd3 50. Ke1 Bc3+ 0-1

[Event "XXV Festival Conca della Presolana A"]
[Site "Bratto - Castione della Presolana ITA"]
[Date "2005.08.24"]
[Round "5"]
[White "Agnelli, Francesco"]
[Black "Radice, Luca"]
[Result "0-1"]
[WhiteElo "2055"]
[BlackElo "2100"]
[PlyCount "68"]
[EventDate "2005.08.20"]

1. e4 e6 2. d4 d5 3. Nc3 Bb4 4. e5 Qd7 5. a3 Bxc3+ 6. bxc3 b6 7. Qg4 f5 8. Qg3
Ba6 9. Ne2 Qf7 10. h4 Ne7 11. h5 h6 12. a4 Nbc6 13. Ba3 O-O 14. Nf4 Bxf1 15.
Kxf1 Rfd8 16. Qh4 Rd7 17. Rh3 Na5 18. Rd1 Nc4 19. Bc1 c5 20. Rg3 Kf8 21. Rdd3
Ke8 22. Rxg7 Qxg7 23. Nxe6 Qg4 24. Qf6 Rdd8 25. Ng7+ Kd7 26. Qe6+ Kc7 27. Qxe7+
Kc6 28. dxc5 f4 29. Qf6+ Kb7 30. Ne6 Rg8 31. Qe7+ Ka6 32. Nxf4 Rae8 33. Qh7
Rxe5 34. Rg3 Qd1# 0-1

[Event "XXV Festival Conca della Presolana A"]
[Site "Bratto - Castione della Presolana ITA"]
[Date "2005.08.24"]
[Round "5"]
[White "Andreoli, Renato"]
[Black "Cardili, Mariano"]
[Result "1/2-1/2"]
[WhiteElo "2154"]
[BlackElo "2076"]
[PlyCount "33"]
[EventDate "2005.08.20"]

1. Nf3 d5 2. g3 c5 3. Bg2 Nc6 4. d4 Nf6 5. O-O e6 6. c4 cxd4 7. Nxd4 Qb6 8. Nb3
dxc4 9. Be3 Qb4 10. Nd4 Bd7 11. Nc3 Be7 12. Nxc6 Bxc6 13. Bxc6+ bxc6 14. Qa4
O-O 15. Qxb4 Bxb4 16. Na4 Nd5 17. Rac1 1/2-1/2